[Event "BCF-ch Major"]
[Site "Hull"]
[Date "2024.08.03"]
[Round "8"]
[White "Roberts, David Llewelyn"]
[Black "Cheng, Louis"]
[Result "1-0"]
[WhiteElo "1963"]
[BlackElo "1876"]
[PlyCount "91"]
[EventDate "2024.07.27"]
[EventType "swiss"]
[EventRounds "9"]
[EventCountry "ENG"]
[SourceTitle "CBM 221 Extra"]
[Source "ChessBase"]
[SourceDate "2024.09.30"]
[SourceVersion "1"]
[SourceVersionDate "2024.09.30"]
[SourceQuality "1"]

1. e4 c5 2. Nf3 g6 3. d3 Bg7 4. g3 Nc6 5. Bg2 Nf6 6. 0-0 d5 7. Nbd2 0-0 8. Re1 Re8 9. c3 e5 10. exd5 Nxd5 11. a4 Nc7 12. Qc2 Bf5 13. Ne4 b6 14. Nh4 Bd7 15. Nd6 Re6 16. Nc4 Qe7 17. Nf3 Rd8 18. Ng5 Rf6 19. Ne4 Re6 20. Bh3 f5 21. Bg5 Qf8 22. Bxd8 Qxd8 23. Ned2 Ne7 24. Nf3 Bc6 25. Ncxe5 Ba8 26. Qb3 Bd5 27. Qc2 g5 28. g4 f4 29. Bg2 h6 30. Nc4 Qa8 31. Rxe6 Nxe6 32. Qe2 Kh8 33. Nd6 Qc6 34. Ne4 c4 35. Re1 Qxa4 36. d4 Qc6 37. h3 Ng6 38. Qc2 b5 39. Ned2 Nef8 40. Qf5 a5 41. Ra1 a4 42. Re1 Kg8 43. Nh4 Bxg2 44. Nxg6 Nxg6 45. Re6 Qb7 46. Qxg6 1-0

[Event "BCF-ch Major"]
[Site "Hull"]
[Date "2024.07.28"]
[Round "2"]
[White "Cheng, Louis"]
[Black "Crawford, Owen"]
[Result "1-0"]
[WhiteElo "1876"]
[BlackElo "2010"]
[PlyCount "85"]
[EventDate "2024.07.27"]
[EventType "swiss"]
[EventRounds "9"]
[EventCountry "ENG"]
[SourceTitle "CBM 221 Extra"]
[Source "ChessBase"]
[SourceDate "2024.09.30"]
[SourceVersion "1"]
[SourceVersionDate "2024.09.30"]
[SourceQuality "1"]

1. e4 e5 2. Nf3 Nc6 3. Bc4 Nf6 4. d3 Bc5 5. c3 d6 6. 0-0 a6 7. a4 Ba7 8. Re1 h6 9. Be3 Bxe3 10. Rxe3 0-0 11. h3 Re8 12. Qb3 Re7 13. a5 b5 14. axb6 cxb6 15. Nbd2 b5 16. Bd5 Nxd5 17. exd5 Nb8 18. d4 Bb7 19. Ne4 f5 20. Nc5 e4 21. Ne6 Qd7 22. Nh4 Rf7 23. Ng6 Qc8 24. Rg3 Nd7 25. Qb4 Nf6 26. Qxd6 Qd7 27. Qe5 Bxd5 28. Nc5 Qd8 29. Qxf5 a5 30. Ne5 Rc7 31. Qg6 Kh8 32. b3 Qe7 33. Qf5 Kg8 34. c4 bxc4 35. bxc4 Bf7 36. Nxe4 Nxe4 37. Qxe4 Rd8 38. Rxa5 Rxc4 39. Qg4 Be6 40. Qg6 Rc1+ 41. Kh2 Rxd4 42. Ra8+ Bc8 43. Nc6 1-0

[Event "British Rapidplay"]
[Site "Peterborough"]
[Date "2024.03.03"]
[Round "7"]
[White "Cheng, Louis"]
[Black "Railwani, Tavish"]
[Result "1-0"]
[WhiteElo "1826"]
[BlackElo "1783"]
[PlyCount "69"]
[EventDate "2024.03.02"]
[EventType "swiss (rapid)"]
[EventRounds "11"]
[EventCountry "ENG"]
[SourceTitle "CBM 219 Extra"]
[Source "ChessBase"]
[SourceDate "2024.05.31"]
[SourceVersion "1"]
[SourceVersionDate "2024.05.31"]
[SourceQuality "1"]

1. e4 e6 2. d4 d5 3. Nd2 Be7 4. Ngf3 Nf6 5. Bd3 0-0 6. 0-0 b6 7. Re1 Bb7 8. c3 c5 9. exd5 exd5 10. Nf1 Nc6 11. Ng3 Qc7 12. Nf5 Rfe8 13. Bg5 Ne4 14. Bxe7 Nxe7 15. Ng3 Nxg3 16. hxg3 Ng6 17. Qd2 c4 18. Bc2 b5 19. a4 a6 20. Re3 Qd7 21. axb5 axb5 22. Rae1 Rxe3 23. Qxe3 Qc7 24. Ng5 Qd7 25. g4 Bc6 26. Bf5 Qc7 27. Bxg6 fxg6 28. Qe6+ Kh8 29. Nf7+ Kg8 30. Ne5+ Kh8 31. Nxc6 Rf8 32. Ne5 b4 33. Re3 bxc3 34. Nxg6+ hxg6 35. Rh3# 1-0

[Event "British Rapidplay"]
[Site "Peterborough"]
[Date "2024.03.02"]
[Round "5"]
[White "Cheng, Louis"]
[Black "Kovalskyi, Roman"]
[Result "1/2-1/2"]
[WhiteElo "1826"]
[BlackElo "1989"]
[PlyCount "153"]
[EventDate "2024.03.02"]
[EventType "swiss (rapid)"]
[EventRounds "11"]
[EventCountry "ENG"]
[SourceTitle "CBM 219 Extra"]
[Source "ChessBase"]
[SourceDate "2024.05.31"]
[SourceVersion "1"]
[SourceVersionDate "2024.05.31"]
[SourceQuality "1"]

1. e4 c5 2. Nc3 g6 3. d4 cxd4 4. Qxd4 Nf6 5. Be3 Nc6 6. Qd2 Bg7 7. f3 0-0 8. 0-0-0 d6 9. Kb1 Qa5 10. Nge2 b5 11. h4 b4 12. Nd5 Nxd5 13. exd5 Ne5 14. Nd4 Ba6 15. Nb3 Qa4 16. Bxa6 Qxa6 17. Bd4 h5 18. Bxe5 dxe5 19. g4 Qf6 20. gxh5 gxh5 21. Qe3 a5 22. Qg5 Rfc8 23. Rhg1 Qxg5 24. Rxg5 f6 25. Rxh5 Kf7 26. Rg1 Rh8 27. Rxh8 Rxh8 28. Rh1 Rd8 29. Rd1 Rh8 30. Nxa5 Rxh4 31. Nc6 Bh6 32. a4 bxa3 33. bxa3 Be3 34. Rd3 Bc5 35. Ka2 e4 36. fxe4 Rxe4 37. Kb3 f5 38. a4 Ke8 39. a5 Kd7 40. Rc3 Re3 41. Rxe3 Bxe3 42. Kc4 e6 43. Nd4 exd5+ 44. Kxd5 f4 45. Ke4 Kc7 46. Ne6+ Kb7 47. Nxf4 Bd2 48. Nd5 Bxa5 49. Kd4 Kc6 50. Kc4 Bd8 51. Nb4+ Kb6 52. Kd5 Be7 53. Nc6 Bc5 54. c4 Bf2 55. Ne5 Be3 56. Nd7+ Kc7 57. Nc5 Bf2 58. Na4 Be3 59. Nc3 Kb6 60. Kd6 Bf4+ 61. Kd5 Be3 62. Na4+ Ka5 63. Nc3 Kb6 64. Ne4 Bg1 65. Kd6 Bh2+ 66. Kd7 Bg1 67. Ke6 Kc6 68. Ke5 Bh2+ 69. Kd4 Bg1+ 70. Kc3 Be3 71. Kd3 Bg1 72. Ke2 Bb6 73. Nd2 Kc5 74. Kd3 Kc6 75. Kc3 Ba5+ 76. Kd3 Bxd2 77. Kxd2 1/2-1/2

[Event "Banff op"]
[Site "Banff"]
[Date "2022.11.11"]
[Round "1"]
[White "Cheng, Louis"]
[Black "Kaufman, Raymond"]
[Result "0-1"]
[WhiteElo "1890"]
[BlackElo "2209"]
[PlyCount "45"]
[EventDate "2022.11.11"]
[EventType "swiss"]
[EventRounds "6"]
[EventCountry "CAN"]
[SourceTitle "CBM 211 Extra"]
[Source "ChessBase"]
[SourceDate "2023.01.31"]
[SourceVersion "1"]
[SourceVersionDate "2023.01.31"]
[SourceQuality "1"]

1. d4 Nf6 2. c4 g6 3. Nc3 Bg7 4. e4 d6 5. Be2 0-0 6. Be3 e5 7. dxe5 dxe5 8. Nf3 Nbd7 9. Nd2 c6 10. c5 Qe7 11. Na4 Rd8 12. Qc1 Nf8 13. 0-0 Ne6 14. Bd1 h5 15. f3 h4 16. Nc4 Nh5 17. Kh1 Nef4 18. Bxf4 exf4 19. e5 h3 20. Rf2 Qh4 21. g3 fxg3 22. hxg3 Qxg3 23. Qe3 0-1

[Event "Victoria British Columbia-Washington m"]
[Site "Victoria"]
[Date "2019.01.20"]
[Round "5.9"]
[White "Velea, Sophie"]
[Black "Cheng, Louis"]
[Result "1/2-1/2"]
[WhiteElo "1824"]
[BlackElo "2127"]
[PlyCount "115"]
[EventDate "2019.01.18"]
[EventType "team"]
[EventRounds "5"]
[EventCountry "CAN"]
[SourceTitle "EXT 2022"]
[Source "ChessBase"]
[SourceDate "2021.10.06"]
[SourceVersion "1"]
[SourceVersionDate "2021.10.06"]
[SourceQuality "1"]
[WhiteTeam "WA"]
[BlackTeam "BC"]
[WhiteTeamCountry "CAN"]
[BlackTeamCountry "CAN"]

1. e4 c5 2. Nf3 d6 3. Bb5+ Nc6 4. 0-0 a6 5. Bxc6+ bxc6 6. c3 Nf6 7. Re1 e5 8. d3 Be7 9. Nbd2 0-0 10. Nf1 Qc7 11. Ng3 Rb8 12. Qc2 Ne8 13. Be3 Bg4 14. h3 Bxf3 15. gxf3 g6 16. Bh6 Ng7 17. Kh2 Bh4 18. Rg1 Bxg3+ 19. fxg3 f5 20. Raf1 a5 21. Kg2 Rf7 22. Rf2 Ne6 23. Bc1 Kg7 24. Rgf1 f4 25. g4 Qe7 26. Kh1 g5 27. Qa4 Qc7 28. Qc2 Rd7 29. Rd1 Rh8 30. Rdd2 h5 31. Rh2 Kf6 32. Rdg2 Rdh7 33. Qd1 hxg4 34. hxg4 Rxh2+ 35. Rxh2 Rxh2+ 36. Kxh2 Qh7+ 37. Kg1 Nf8 38. Bd2 Ng6 39. Be1 Qh3 40. Qe2 Nh4 41. Bxh4 gxh4 42. Qf1 Qg3+ 43. Kh1 a4 44. Qe2 h3 45. Qf1 d5 46. c4 Ke6 47. cxd5+ cxd5 48. exd5+ Kxd5 49. Qe2 Kd6 50. Qf1 Kc7 51. Qe2 Kb6 52. Qf1 Ka5 53. Qe2 Kb4 54. Qd2+ Kb5 55. Qe2 Kb4 56. Qd2+ Kb5 57. Qe2 Kb6 58. Qf1 1/2-1/2

[Event "Victoria Taylor Memorial"]
[Site "Victoria"]
[Date "2018.10.27"]
[Round "2"]
[White "Tate, Bill"]
[Black "Cheng, Louis"]
[Result "0-1"]
[WhiteElo "1777"]
[BlackElo "2141"]
[PlyCount "70"]
[EventDate "2018.10.26"]
[EventType "swiss"]
[EventRounds "5"]
[EventCountry "CAN"]
[SourceTitle "EXT 2022"]
[Source "ChessBase"]
[SourceDate "2021.10.06"]
[SourceVersion "1"]
[SourceVersionDate "2021.10.06"]
[SourceQuality "1"]

1. d4 Nf6 2. Nf3 e6 3. Bg5 Be7 4. e3 b6 5. Bd3 Bb7 6. 0-0 d6 7. c4 Nbd7 8. Nc3 h6 9. Bxf6 Bxf6 10. e4 c5 11. Nb5 Qb8 12. Nxd6+ Qxd6 13. e5 Bxe5 14. Nxe5 cxd4 15. Nxd7 Qxd7 16. Qg4 0-0-0 17. Be4 f6 18. Bxb7+ Kxb7 19. Rfd1 e5 20. Qg6 f5 21. a4 Rhf8 22. a5 Rf6 23. a6+ Kb8 24. Qg3 f4 25. Qf3 Qc6 26. Qe2 e4 27. Re1 Re6 28. b4 d3 29. Qg4 g5 30. b5 Qxc4 31. Rec1 Qd5 32. h4 e3 33. fxe3 Rxe3 34. hxg5 hxg5 35. Kf1 Rh8 0-1

[Event "White Rock Semiahmoo op"]
[Site "White Rock"]
[Date "2018.08.04"]
[Round "2.4"]
[White "Cheng, Louis"]
[Black "Doknjas, Neil"]
[Result "1/2-1/2"]
[WhiteElo "2140"]
[BlackElo "1989"]
[PlyCount "108"]
[EventDate "2018.08.04"]
[EventType "swiss"]
[EventRounds "6"]
[EventCountry "CAN"]
[SourceTitle "EXT 2022"]
[Source "ChessBase"]
[SourceDate "2021.10.06"]
[SourceVersion "1"]
[SourceVersionDate "2021.10.06"]
[SourceQuality "1"]

1. d4 d5 2. Nf3 Nf6 3. Bg5 e6 4. Nc3 Be7 5. e3 h6 6. Bh4 0-0 7. Bd3 b6 8. Ne5 Bb7 9. 0-0 c5 10. f4 Nc6 11. f5 cxd4 12. Nxc6 Bxc6 13. exd4 Ne4 14. Bxe7 Qxe7 15. fxe6 fxe6 16. Nxe4 dxe4 17. Bc4 Kh8 18. Qe2 Bd5 19. c3 Qg5 20. Rae1 Rf6 21. Bxd5 exd5 22. Rxf6 gxf6 23. c4 Re8 24. cxd5 Qxd5 25. Qe3 Qg5 26. Qxg5 hxg5 27. g4 e3 28. Kg2 Re4 29. Kf3 Rxd4 30. Rxe3 Rd2 31. Re2 Rd7 32. Ke4 Re7+ 33. Kd3 Rc7 34. Rc2 Re7 35. Kd4 Kg7 36. Kd5 Kg6 37. Rf2 Re5+ 38. Kc6 Re4 39. h3 Re3 40. Rh2 f5 41. gxf5+ Kxf5 42. Rf2+ Ke4 43. Kb7 Rxh3 44. Kxa7 Rh6 45. b4 b5 46. a4 bxa4 47. Ra2 Kd4 48. b5 Kc5 49. b6 Kb4 50. b7 Rh7 51. Rb2+ Kc3 52. Rg2 a3 53. Rxg5 Rxb7+ 54. Kxb7 a2 1/2-1/2

[Event "White Rock Semiahmoo op"]
[Site "White Rock"]
[Date "2018.08.04"]
[Round "1.4"]
[White "Chung, Alec"]
[Black "Cheng, Louis"]
[Result "1/2-1/2"]
[WhiteElo "1938"]
[BlackElo "2140"]
[PlyCount "50"]
[EventDate "2018.08.04"]
[EventType "swiss"]
[EventRounds "6"]
[EventCountry "CAN"]
[SourceTitle "EXT 2022"]
[Source "ChessBase"]
[SourceDate "2021.10.06"]
[SourceVersion "1"]
[SourceVersionDate "2021.10.06"]
[SourceQuality "1"]

1. c4 Nf6 2. Nc3 c6 3. e4 e5 4. g3 Bc5 5. Bg2 0-0 6. Nge2 Ng4 7. 0-0 Qf6 8. Qe1 Na6 9. a3 d6 10. h3 Nh6 11. d3 Qg6 12. b4 Bb6 13. Kh2 f5 14. f4 Ng4+ 15. Kh1 fxe4 16. Nxe4 Ne3 17. Bxe3 Bxe3 18. fxe5 Rxf1+ 19. Qxf1 dxe5 20. Qf3 Bg5 21. Nxg5 Qxg5 22. Rf1 Be6 23. Nc3 Qe7 24. Qe4 Qd7 25. Kh2 Re8 1/2-1/2

[Event "Keres Memorial 43th"]
[Site "Vancouver"]
[Date "2018.05.20"]
[Round "3"]
[White "Cheng, Louis"]
[Black "Kitsis, Stanislav"]
[Result "1-0"]
[WhiteElo "2009"]
[BlackElo "2062"]
[PlyCount "105"]
[EventDate "2018.05.19"]
[EventType "swiss"]
[EventRounds "6"]
[EventCountry "CAN"]
[SourceTitle "EXT 2019"]
[Source "ChessBase"]
[SourceDate "2018.10.10"]
[SourceVersion "1"]
[SourceVersionDate "2018.10.10"]
[SourceQuality "1"]

1. d4 g6 2. e4 Bg7 3. Bc4 d6 4. Ne2 Nf6 5. Ng3 0-0 6. 0-0 e5 7. d5 Ng4 8. Be2 Nh6 9. f4 exf4 10. Bxf4 Qh4 11. Qc1 Ng4 12. Bxg4 Qxg4 13. Rf3 Qd7 14. Nc3 Qe7 15. Bh6 Bg4 16. Bxg7 Kxg7 17. Rf4 Bd7 18. Nd1 Na6 19. Nf2 h5 20. h4 Rae8 21. Nd3 Bg4 22. Qe1 Nb8 23. Qc3+ Kg8 24. Nf2 Qxh4 25. Nxg4 hxg4 26. Kf2 Qg5 27. Ne2 g3+ 28. Qxg3 Qxg3+ 29. Nxg3 Kg7 30. Rh1 Rh8 31. Rxh8 Rxh8 32. Rf3 Nd7 33. Rb3 Nc5 34. Ra3 a6 35. b4 Nd7 36. Rc3 Rc8 37. Nf1 Ne5 38. Nd2 c6 39. Nb3 Rh8 40. Na5 cxd5 41. exd5 b5 42. Rc7 Rh4 43. c3 Rf4+ 44. Ke3 Rg4 45. Nb7 Nc4+ 46. Kf3 Rg5 47. Nd8 Rxd5 48. Rxf7+ Kh6 49. Ra7 Rd3+ 50. Kf4 Rxc3 51. Nf7+ Kg7 52. Nxd6+ Kf6 53. Ne4+ 1-0

[Event "Victoria Grand Pacific op"]
[Site "Victoria"]
[Date "2018.04.01"]
[Round "5.5"]
[White "Findlay, Ian T"]
[Black "Cheng, Louis"]
[Result "1-0"]
[WhiteElo "2290"]
[BlackElo "2092"]
[PlyCount "97"]
[EventDate "2018.03.30"]
[EventType "swiss"]
[EventRounds "6"]
[EventCountry "CAN"]
[SourceTitle "EXT 2022"]
[Source "ChessBase"]
[SourceDate "2021.10.06"]
[SourceVersion "1"]
[SourceVersionDate "2021.10.06"]
[SourceQuality "1"]

1. e4 c5 2. Nf3 Nc6 3. d4 cxd4 4. Nxd4 d6 5. Nc3 Nf6 6. Bg5 e6 7. Qd2 h6 8. Bxf6 Qxf6 9. Ndb5 Qd8 10. 0-0-0 a6 11. Nxd6+ Bxd6 12. Qxd6 Qxd6 13. Rxd6 Ke7 14. Rd2 b5 15. Be2 Ra7 16. Rhd1 Rd7 17. f4 Rhd8 18. Rxd7+ Rxd7 19. Rxd7+ Bxd7 20. Kd2 Nb8 21. a3 Bc6 22. Ke3 Nd7 23. b4 f6 24. a4 bxa4 25. Bxa6 a3 26. Bc4 Nb6 27. Ba2 f5 28. exf5 Nd5+ 29. Nxd5+ Bxd5 30. c4 Bxg2 31. fxe6 Bh3 32. Kd4 Bxe6 33. Kc5 Kd7 34. b5 Kc7 35. Kb4 g5 36. fxg5 hxg5 37. Kxa3 Kb6 38. Kb4 Kb7 39. Bb1 Kc7 40. Be4 Kb6 41. c5+ Ka7 42. Ka5 g4 43. b6+ Kb8 44. Kb5 Bc8 45. c6 Be6 46. Kc5 Bb3 47. Bd5 Bd1 48. c7+ Kc8 49. Kd6 1-0

[Event "Red Deer op"]
[Site "Red Deer"]
[Date "2015.05.17"]
[Round "5"]
[White "Kobalenko, Jerry"]
[Black "Cheng, Louis"]
[Result "1/2-1/2"]
[WhiteElo "1826"]
[BlackElo "1995"]
[PlyCount "58"]
[EventDate "2015.05.16"]
[EventType "swiss"]
[EventRounds "5"]
[EventCountry "CAN"]
[SourceTitle "EXT 2017"]
[Source "ChessBase"]
[SourceDate "2016.10.25"]
[SourceVersion "1"]
[SourceVersionDate "2016.10.25"]
[SourceQuality "1"]

1. Nf3 d5 2. g3 Nf6 3. Bg2 c5 4. d4 e6 5. 0-0 Nc6 6. b3 cxd4 7. Nxd4 Bc5 8. Bb2 0-0 9. e3 Qe7 10. c4 Bd7 11. Nd2 Rfd8 12. Qe2 e5 13. Nc2 Bf5 14. Rfc1 Bxc2 15. Rxc2 d4 16. exd4 Nxd4 17. Bxd4 Bxd4 18. Rf1 Rd7 19. Ne4 a5 20. Kh1 Ra6 21. f4 exf4 22. Rxf4 Kf8 23. Nxf6 Rxf6 24. Qxe7+ Rxe7 25. Rxf6 Bxf6 26. Bf3 Be5 27. Kg2 f5 28. Re2 Kf7 29. Bxb7 Bd6 1/2-1/2

[Event "Edmonton-ch"]
[Site "Edmonton"]
[Date "2015.01.15"]
[Round "1.2"]
[White "Purewal, Sardul"]
[Black "Cheng, Louis"]
[Result "0-1"]
[WhiteElo "2001"]
[BlackElo "1977"]
[PlyCount "126"]
[EventDate "2015.01.08"]
[EventType "k.o."]
[EventRounds "3"]
[EventCountry "CAN"]
[SourceTitle "EXT 2019"]
[Source "ChessBase"]
[SourceDate "2018.10.10"]
[SourceVersion "1"]
[SourceVersionDate "2018.10.10"]
[SourceQuality "1"]

1. d4 Nf6 2. Nf3 e6 3. c4 b6 4. Nc3 Bb7 5. Bf4 Be7 6. e3 0-0 7. Be2 c5 8. Nb5 Nh5 9. Bd6 Na6 10. 0-0 Nf6 11. dxc5 Nxc5 12. Bxe7 Qxe7 13. Nd6 a5 14. Nxb7 Nxb7 15. Ne5 Rac8 16. Rc1 d6 17. Ng4 Nd7 18. e4 Nbc5 19. f3 f5 20. exf5 exf5 21. Nf2 Rce8 22. Re1 Qf6 23. b3 Re5 24. f4 Re3 25. Bf3 Rfe8 26. Rxe3 Rxe3 27. Qd2 Qe7 28. Kf1 Nf6 29. Re1 Rxe1+ 30. Qxe1 Nfe4 31. Qd1 Nxf2 32. Kxf2 Qh4+ 33. g3 Qxh2+ 34. Ke3 Qh6 35. Kf2 Qh2+ 36. Ke3 Qh6 37. Kf2 Qf6 38. Qd5+ Kf8 39. Qa8+ Kf7 40. Bd5+ Kg6 41. Qe8+ Kh6 42. Qc6 g6 43. Qxb6 Qb2+ 44. Ke3 Qc3+ 45. Ke2 Qxg3 46. Qxd6 Qd3+ 47. Ke1 Ne4 48. Qf8+ Kh5 49. Bxe4 Qxe4+ 50. Kd2 Qxf4+ 51. Kc3 Qe3+ 52. Kb2 f4 53. c5 f3 54. c6 Qe5+ 55. Ka3 Kg4 56. Qc8+ Kg3 57. Qd7 f2 58. Qd3+ Kg2 59. Qc2 Kg1 60. c7 Qe7+ 61. Kb2 Qf6+ 62. Ka3 Qf8+ 63. Ka4 Qb4# 0-1

[Event "Edmonton-ch"]
[Site "Edmonton"]
[Date "2015.01.08"]
[Round "1.1"]
[White "Cheng, Louis"]
[Black "Purewal, Sardul"]
[Result "1-0"]
[WhiteElo "1977"]
[BlackElo "2001"]
[PlyCount "76"]
[EventDate "2015.01.08"]
[EventType "k.o."]
[EventRounds "3"]
[EventCountry "CAN"]
[SourceTitle "EXT 2019"]
[Source "ChessBase"]
[SourceDate "2018.10.10"]
[SourceVersion "1"]
[SourceVersionDate "2018.10.10"]
[SourceQuality "1"]

1. d4 Nf6 2. c4 e6 3. Nc3 d5 4. g3 c6 5. Bg2 dxc4 6. Nf3 Nd5 7. 0-0 Nxc3 8. bxc3 Nd7 9. Nd2 Nb6 10. a4 a5 11. e4 Be7 12. Qe2 e5 13. dxe5 Qd3 14. Qxd3 cxd3 15. f4 Bg4 16. Ba3 c5 17. Bf3 Bd7 18. Rab1 Nxa4 19. Rxb7 Nxc3 20. f5 Rc8 21. f6 gxf6 22. Bh5 Be6 23. exf6 Bd6 24. Bb2 Be5 25. Bxf7+ Bxf7 26. Re7+ Kf8 27. Rxe5 Ne2+ 28. Kg2 c4 29. Ba3+ Kg8 30. Rg5+ Bg6 31. Nxc4 Rxc4 32. f7+ Kg7 33. f8Q+ Rxf8 34. Bxf8+ Kg8 35. Bh6 Rc8 36. h4 Kh8 37. h5 Bxe4+ 38. Kh2 Rg8 1-0

[Event "Calgary Alberta op"]
[Site "Calgary"]
[Date "2014.10.13"]
[Round "5.7"]
[White "Cheng, Louis"]
[Black "Bentley, Bill"]
[Result "1-0"]
[WhiteElo "2151"]
[BlackElo "1931"]
[PlyCount "112"]
[EventDate "2014.10.11"]
[EventType "swiss"]
[EventRounds "6"]
[EventCountry "CAN"]
[SourceTitle "EXT 2022"]
[Source "ChessBase"]
[SourceDate "2021.10.06"]
[SourceVersion "1"]
[SourceVersionDate "2021.10.06"]
[SourceQuality "1"]

1. e4 e6 2. d4 d5 3. Nc3 Nf6 4. Bd3 c5 5. e5 Nfd7 6. dxc5 Nc6 7. Nf3 Bxc5 8. Qe2 Nd4 9. Nxd4 Bxd4 10. Nb5 Bxe5 11. f4 Bb8 12. c3 0-0 13. Be3 e5 14. fxe5 Nxe5 15. 0-0-0 Bg4 16. Qd2 Nxd3+ 17. Qxd3 Bxd1 18. Rxd1 a6 19. Nd4 Qf6 20. Nf5 Ba7 21. Bxa7 Rxa7 22. Qxd5 Raa8 23. Qd7 Kh8 24. Nd6 b5 25. g3 Qe6 26. Qb7 Qxa2 27. Rd5 Qa1+ 28. Kc2 Qf1 29. Rf5 Qe2+ 30. Kc1 f6 31. Nf7+ Kg8 32. Qd5 Qe3+ 33. Kb1 Qe7 34. Nd8+ Kh8 35. Qxa8 Rxd8 36. Qc6 Qd7 37. Qxd7 Rxd7 38. Rc5 h6 39. Kc2 Rd6 40. b3 g5 41. c4 bxc4 42. bxc4 Kg7 43. Kc3 Kf7 44. Rc7+ Kg6 45. c5 Rd1 46. Ra7 Ra1 47. Kd4 Rd1+ 48. Kc4 Rc1+ 49. Kd5 Rd1+ 50. Ke6 Rc1 51. Kd6 Rd1+ 52. Kc7 Ra1 53. Kb6 Ra2 54. c6 Rxh2 55. Kc5 h5 56. Kc4 Rc2+ 1-0

[Event "Edmonton Over 1800"]
[Site "Edmonton"]
[Date "2014.08.30"]
[Round "2"]
[White "Pedersen, Rick"]
[Black "Cheng, Louis"]
[Result "0-1"]
[WhiteElo "1854"]
[BlackElo "2093"]
[PlyCount "98"]
[EventDate "2014.08.30"]
[EventType "swiss"]
[EventRounds "5"]
[EventCountry "CAN"]
[SourceTitle "EXT 2022"]
[Source "ChessBase"]
[SourceDate "2021.10.06"]
[SourceVersion "1"]
[SourceVersionDate "2021.10.06"]
[SourceQuality "1"]

1. e4 c5 2. Nf3 e6 3. c3 Nf6 4. e5 Nd5 5. d4 cxd4 6. Nxd4 Qc7 7. f4 a6 8. Bd3 d6 9. Qe2 dxe5 10. fxe5 Bc5 11. Bd2 Nd7 12. Nf3 b5 13. a4 b4 14. c4 Ne7 15. Bf4 Bb7 16. Nbd2 0-0-0 17. Bg3 Bb6 18. 0-0-0 Nc5 19. Bc2 Nc6 20. Ne4 Nxe4 21. Bxe4 Na5 22. Nd2 b3 23. Bxb7+ Kxb7 24. Kb1 Qc6 25. Qe4 Rd4 26. Qxc6+ Kxc6 27. Bf2 Rg4 28. c5 Bc7 29. Bg3 h5 30. Nf3 h4 31. Be1 Rd8 32. Bxh4 Rxd1+ 33. Rxd1 Rxg2 34. Nd4+ Kxc5 35. Be7+ Kb6 36. Bd6 Bd8 37. h3 Bg5 38. Nf3 Rg3 39. Nxg5 Rxg5 40. Rc1 Nc6 41. Re1 Rg3 42. h4 Rh3 43. Bf8 g6 44. Rc1 Rxh4 45. Bd6 Re4 46. a5+ Nxa5 47. Bc7+ Kb5 48. Bd6 Nc4 49. Ka1 Nxd6 0-1